书目信息 |
| 题名: |
世界名剧欣赏
|
|
| 作者: | 谭霈生 著 | |
| 分册: | ||
| 出版信息: | 长沙 湖南人民出版社 1983 |
|
| 页数: | 388页 | |
| 开本: | 19cm | |
| 丛书名: | ||
| 单 册: | ||
| 中图分类: | I106.3 | |
| 科图分类: | ||
| 主题词: | 戏剧文学--文学研究--世界 , 戏剧文学--文学评论--世界 | |
| 电子资源: | ||
| ISBN: | ||
| 000 | 00654nam0 2200241 45 | |
| 001 | 0183007529 | |
| 005 | 20060805102817.71 | |
| 010 | @dCNY1.10 | |
| 091 | @a101009.1583 | |
| 100 | @a19950605d1983 em y0chiy0121 ea | |
| 101 | 0 | @achi |
| 102 | @aCN@b430000 | |
| 105 | @ay z 000zy | |
| 200 | 10 | @a世界名剧欣赏@Ashi jie ming ju xin shang@f谭霈生著@FTan Pei Sheng Zhu |
| 210 | @a长沙@c湖南人民出版社@d1983 | |
| 215 | @a388页@d19cm | |
| 606 | @a戏剧文学@x文学研究@y世界 | |
| 606 | @a戏剧文学@x文学评论@y世界 | |
| 690 | @aI106.3@v3 | |
| 701 | 0 | @a谭霈生@4著 |
| 801 | 2 | @aCN@bNLC@c20060805 |
| 801 | 0 | @aCN@b上海图书馆@c20040426 |
| 905 | @dI106.3@e18 | |
| 世界名剧欣赏/谭霈生著.-长沙:湖南人民出版社,1983 |
| 388页;19cm |
| ISBN :CNY1.10 |
| ● |
| 相关链接 |
|
|
|
|
正题名:世界名剧欣赏
索取号:I106.3/18
 
预约/预借
| 序号 | 登录号 | 条形码 | 馆藏地/架位号 | 状态 | 备注 |
| 1 | 0093880 | 001968909 | 第二借阅区/ [索取号:I106.3/18] | 在馆 | |
| 2 | 0093882 | 000216938 | 第二借阅区/ [索取号:I106.3/18] | 在馆 | |
| 3 | 0093883 | 000216046 | 第二借阅区/ [索取号:I106.3/18] | 在馆 | |
| 4 | 0093884 | 000216037 | 第一样本阅览室/ [索取号:I106.3/18] | 在馆 | |
| 5 | 0449590 | 204495901 | 密集书库/ [索取号:I106.3/18] | 在馆 |